000
00342 a2200157 4500
001
57263
020
_a
8526241397
040
_c
Anchieta - Pituba
100
_a
Palaoro, V. J.
240
1
0
_a
Vira-lata, sim senhor!
_l
por
245
1
0
_a
Vira-lata, sim senhor!
300
_a
72
362
0
_a
2004
650
4
_a
Literatura juvenil
942
_c
BK
999
_c
57263
_d
57263